00880nam a22002415i 450000100060000000300090000600500170001500700030003200800410003502000180007604000220009408000150011610000520013124500600018326000490024330000200029249000560031283000560036885200670042494200080049199900170049995201220051611867ES-MaACL20250825063325.0t|941005s1994 sp ||||0| spa j a84-86217-61-X aM-BN bspa cM-BN a860-23"19"1 aFernández Martínez, María Lourdes.94991110aHada madrina / cde Mª Lourdes Fernández Martínez. aMadrid : bJ. García Verdugo, cD.L. 1994. a93 p ; c20 cm.1 aColección teatro (García Verdugo) ;v449242027 0aColección teatro (García Verdugo) ;v449242027 aES-MaACLjL-19226 bR.122861 q. - Ded. autógr. de la autora 2udc c11867d11867 00104070aATENEOMbATENEOMcDEPO2d2008-01-17eSCl0oL-19226p1012094r2023-02-23 00:00:00w2023-02-23yMONOGRAFIA